Participación en la plusvalía : (Registro nro. 3908)

Detalles MARC
000 -LEADER
fixed length control field 01202nam a2200253Ia 4500
003 - CONTROL NUMBER IDENTIFIER
control field OSt
005 - DATE AND TIME OF LATEST TRANSACTION
control field 20200811171229.0
008 - FIXED-LENGTH DATA ELEMENTS--GENERAL INFORMATION
fixed length control field 191128t2017 c fr 000 0 s d
020 ## - INTERNATIONAL STANDARD BOOK NUMBER
International Standard Book Number 9789587676372
040 ## - CATALOGING SOURCE
Original cataloging agency CO-JMCR
Transcribing agency CO-JMCR
041 0# - LANGUAGE CODE
Language code of text/sound track or separate title spa
082 04 - DEWEY DECIMAL CLASSIFICATION NUMBER
Classification number 343.86105245 /
Item number P654p
Edition number 23
100 1# - MAIN ENTRY--PERSONAL NAME
Personal name Pinilla Acevedo, Carlos Felipe,
Relator term autor
9 (RLIN) 8617
245 10 - TITLE STATEMENT
Title Participación en la plusvalía :
Remainder of title instrumento de financiación del desarrollo urbano /
Statement of responsibility, etc. Carlos Felipe Pinilla Acevedo, Juan Manuel González Garavito, Camilo Francisco Caycedo Tribín [y otros 2]
250 ## - EDITION STATEMENT
Edition statement Primera edición
260 ## - PUBLICATION, DISTRIBUTION, ETC.
Place of publication, distribution, etc. [Bogotá] :
Name of publisher, distributor, etc. Legis,
Date of publication, distribution, etc. ©2017
300 ## - PHYSICAL DESCRIPTION
Extent 191 páginas ;
Dimensions 24 cm.
505 0# - FORMATTED CONTENTS NOTE
Formatted contents note La participación en la plusvalía como parte esencial de la función social de la propiedad y la aplicación de la función pública del urbanismo -- Nociones fundamentales de la participación en la plusvalía.
650 14 - SUBJECT ADDED ENTRY--TOPICAL TERM
Topical term or geographic name entry element Impuestos de plusvalía
General subdivision aspectos jurídicos
Geographic subdivision Colombia
9 (RLIN) 8618
650 14 - SUBJECT ADDED ENTRY--TOPICAL TERM
Topical term or geographic name entry element Desarrollo urbano
General subdivision aspectos jurídicos
Geographic subdivision Colombia
9 (RLIN) 8619
700 1# - ADDED ENTRY--PERSONAL NAME
Personal name González Garavito, Juan Manuel,
Relator term autor
9 (RLIN) 8620
700 1# - ADDED ENTRY--PERSONAL NAME
Personal name Caycedo Tribín, Camilo Francisco,
Relator term autor
9 (RLIN) 8621
942 ## - ADDED ENTRY ELEMENTS (KOHA)
Source of classification or shelving scheme Dewey Decimal Classification
Koha item type Books
Existencias
Withdrawn status Lost status Source of classification or shelving scheme Damaged status Not for loan Collection code Home library Current library Date acquired Source of acquisition Full call number Barcode Date last seen Copy number Koha item type
    Dewey Decimal Classification     Non-fiction Biblioteca Pública José María del Castillo y Rada Biblioteca Pública José María del Castillo y Rada 12/01/2017 Donación 343.86105245 / P654p 201808565 05/16/2024 Ej.1 Books